Cities by Famous Tourist Attraction - Statistics

General Stats
  • This quiz has been taken 86 times
  • The average score is 18 of 26
Answer Stats
Attractions City % Correct
Acropolis Athens
99%
Empire State Building New York
99%
Arc de Triomphe Paris
99%
Golden Gate Bridge San Francisco
99%
Big Ben London
98%
Kremlin Moscow
96%
Brandenburg Gate Berlin
95%
Trevi Fountain Rome
91%
Pyramids of Giza Cairo
90%
Sagrada Família Barcelona
88%
Hagia Sophia Istanbul
88%
CN Tower Toronto
83%
Shibuya Crossing Tokyo
80%
Petronas Twin Towers Kuala Lumpur
70%
Charles Bridge Prague
67%
Marienplatz Munich
65%
Liberty Bell Philadelphia
64%
Wat Arun Bangkok
58%
Gyeongbokgung Seoul
54%
The Bund Shanghai
54%
Victoria Peak Hong Kong
43%
Gardens by the Bay Singapore
40%
Belém Tower Lisbon
38%
Federation Square Melbourne
33%
Grossmünster Zurich
31%
Sky Tower Auckland
27%
No matching quizzes found
Score Distribution
Percent of People with Each Score
Percentile by Number Answered
Your Score History
You have not taken this quiz